000 01367nam a2200349Ia 4500
001 ebr10356824
003 CaPaEBR
006 m u
007 cr cn|||||||||
008 040923s2005 miua sb s001 0 eng d
010 _z 2004022452
020 _z0472098918 (hbk.)
020 _z0472068911 (pbk.)
040 _aCaPaEBR
_cCaPaEBR
035 _a(OCoLC)647836197
050 1 4 _aPN1590.H36
_bB63 2005eb
082 0 4 _a791.087
_222
245 0 0 _aBodies in commotion
_h[electronic resource] :
_bdisability & performance /
_cedited by Carrie Sandahl & Philip Auslander.
260 _aAnn Arbor, Mich. :
_bUniversity of Michigan Press,
_cc2005.
300 _aviii, 339 p. :
_bill.
490 1 _aCorporealities
504 _aIncludes bibliographical references and index.
533 _aElectronic reproduction.
_bPalo Alto, Calif. :
_cebrary,
_d2011.
_nAvailable via World Wide Web.
_nAccess may be limited to ebrary affiliated libraries.
650 0 _aPeople with disabilities and the performing arts.
650 0 _aPerforming arts.
655 7 _aElectronic books.
_2local
700 1 _aSandahl, Carrie,
_d1968-
700 1 _aAuslander, Philip,
_d1956-
710 2 _aebrary, Inc.
830 0 _aCorporealities.
856 4 0 _uhttp://site.ebrary.com/lib/rucke/Doc?id=10356824
_zAn electronic book accessible through the World Wide Web; click to view
999 _c108053
_d108053